000 01409nam a22003377a 4500
003 OSt
005 20260204170628.0
007 a
008 260202b |||||||| |||| 00| 0 eng d
020 _a9781350240407
040 _aFoundation University
_beng
_cFoundation University
_dFULib
_erda
050 _aDS 889
_b.2021 B36
100 _aBanno, Junji,
_eauthor
_914542
245 0 0 _aEmpire and constitution in modern Japan :
_bwhy could war with China not be prevented /
_cJunji banno; translated by Arthur Stockwin.
260 _aGreat Britain :
_bBloomsbury Academic,
_c2021.
264 _42021.
300 _3resource
_a175 pages; 5 unpaged
_b;
_c23 cm.
_fvolume
336 _2rdacontent
_atext
_btxt
337 _2rdamedia
_aunmediated
_bn
338 _2rdacarrier
_3resource
_avolume
_bnc
490 _aSOAS Studies in modern and contemporary Japan.
504 _aIncludes index.
650 _2LC
_aKenkoku Kinen no hi
_914543
650 _2LC
_aSino-Japanese War, 1937-1945
_914544
650 _2LC
_aConstitutional history
_914545
651 _aJapan
_vHistory.
_914546
658 _aPolitical Science, Master of Arts in :
_bAsian Politics ;
_cPOL337
700 _aStockwin, Arthur
_etranslator
_914547
856 _uhttps://drive.google.com/file/d/1vULI6YR8VBvvamc4N7KcYcFtIE4SyaOU/view?usp=sharing
_yClick here to view the table of content
942 _2lcc
_cBK
_hDS 889
_i.2021 B36
_k(CAS-PS)
_n0
999 _c5517
_d5517